Personnages historiques - prénom ou nom? - Statistiques

Statistiques générales
  • Ce quiz a été pris 2 156 fois
  • Le résultat moyen est 14 sur 21
Statistiques - réponses
Hint Extra Hint Explanation Réponse % Correct
Elvis Chanteur Elvis Presley Prénom
98%
Bach Compositeur Jean-Sébastien Bach Nom
94%
Napoléon Empereur Napoléon Bonaparte Prénom
84%
Ivan Tsar Ivan IV Vassiliévitch, dit le Terrible Prénom
83%
Gandhi Homme politique Mohandas Gandhi Nom
83%
Michel-Ange Sculpteur Michelangelo di Lodovico Buonarroti Simoni Prénom
81%
Danton Avocat Georges Danton Nom
81%
Gutenberg Inventeur Johannes Gutenberg Nom
81%
Kant Philosophe Emmanuel Kant Nom
79%
Vivaldi Compositeur Antonio Vivaldi Nom
75%
Raphaël Peintre Raffaello Sanzio Prénom
68%
Hannibal Général Hannibal Barca Prénom
68%
Luther Théologien Martin Luther Nom
66%
Raspoutine Guérisseur Grigori Raspoutine Nom
64%
Franklin Père fondateur Benjamin Franklin Nom
60%
Franco Dictateur Francisco Franco Nom
57%
Dante Poète Dante Alighieri Prénom
53%
Yoshihito Empereur Prénom personnel Prénom
40%
Érasme Philosophe Didier Érasme Nom
33%
Zedong Homme politique Mao Zedong (nom chinois : le nom de famille précède le prénom) Prénom
17%
Rembrandt Peintre Rembrandt Harmenszoon van Rijn Prénom
17%
Aucun quiz correspondant
Distribution des résultats
% des personnes avec chaque résultat
Percentile par nombre de réponses
Votre historique - résultats
Vous n’avez pas pris ce quiz